History of modern india / (Record no. 196228)
[ view plain ]
| 000 -LEADER | |
|---|---|
| fixed length control field | 00386nam a22001577a 4500 |
| 005 - DATE AND TIME OF LATEST TRANSACTION | |
| control field | 20230607121633.0 |
| 010 ## - LCCN (DPL NO) | |
| LC control number | B-691396 |
| 020 ## - INTERNATIONAL STANDARD BOOK NUMBER | |
| Terms of availability | 395.00 |
| 035 ## - SYSTEM CONTROL NUMBER | |
| System control number | B-691396 |
| 100 ## - MAIN ENTRY--PERSONAL NAME | |
| Personal name | Chandra,Bipin |
| 245 ## - TITLE STATEMENT | |
| Title | History of modern india / |
| Statement of responsibility, etc | by Bipin Chandra |
| 260 ## - PUBLICATION, DISTRIBUTION, ETC. (IMPRINT) | |
| Place of publication, distribution, etc | Delhi |
| Name of publisher, distributor, etc | Pansy Books |
| 270 ## - ADDRESS | |
| Address | Somesh Vihar |
| City | Delhi |
| Postal code | 110071 |
| 300 ## - PHYSICAL DESCRIPTION | |
| Extent | vp. |
| Dimensions | 22cm |
| 942 ## - ADDED ENTRY ELEMENTS (KOHA) | |
| Source of classification or shelving scheme | Dewey Decimal Classification |
| Item type | English Books |
| Call number suffix | CHA |
| Withdrawn status | Lost status | Not for loan | Home library | Current library | Date acquired | Cost, normal purchase price | Full call number | Barcode | Copy number | Cost, replacement price | Koha item type |
|---|---|---|---|---|---|---|---|---|---|---|---|
| Sarojini Nagar | Sarojini Nagar | 07/06/2023 | 395.00 | CHA | B-691396 | 1 | 395.00 | English Books |
